01066nam a2200241Ia 4500001000600000003000900006008004100015040001300056040001300069041001300082100001700095100002900112245005900141245004800200250001100248260001100259260002400270260004900294300005700343500035200400650004100752650003100793C3958IT-RoPAU130308s9999 xx 000 0 und d aIT-RoPAU cIT-RoPAU aITALIANO aMusso Pierre gCodice Aut. SPICS: 17552 aTelevisione del futuro (La): dalla clessidra alla rete bEconomia dei Media (L'): Questioni Teoriche a1a ed. aMILANO bFondazione Rosselli c1994 [1° Ed.:1994 - Ed.Ling.Originale:1994] a"13 p. (prefazione: no ; testo: 13 [pagine: 36-48])" aFuturo Tecnico della Televisione. Nuova Economia Televisiva: pagamento Proporzionale al Consumo. riconfigurazione dell'Offerta. Industria Televisiva:Primi 15 gruppi al Mondo per Fatturato. legge dei tre Stadi della Televisione nell'Europa Meridionale: Televisione Come Bene Pubblico, Come prodotto dei Broadcasters, Come Servizio dei Distributori. aPOLITICA DELLA COMUNICAZIONE SOCIALE eCodice materia Spics: 3803